México y China en la cadena Hilo-textil-confección en el mercado de Estados Unidos /

Guardat en:
Dades bibliogràfiques
Autor principal: Cárdenas Castro, Hilda Lorena
Altres autors: Dussel Peters, Enrique
Format: Text
Etiquetes: Afegir etiqueta
Sense etiquetes, Sigues el primer a etiquetar aquest registre!

MARC

LEADER 00000 a a2200000 04500
001 3642
003
040
100 |a Cárdenas Castro, Hilda Lorena  
245 |a México y China en la cadena Hilo-textil-confección en el mercado de Estados Unidos /  |c Hilda Lorena Cárdenas Castro ; Enrique Dussel Peters 
700 |a Dussel Peters, Enrique  
773 |g volumen 57, número 7; páginas 530-545  
999 |c 37392  |d 37392